[Event "POL-chT 2nd League"]
[Site "Jastrzebia Gora"]
[Date "2019.09.12"]
[Round "6.9"]
[White "Jablonski, Hubert"]
[Black "Hasterok, Mateusz"]
[Result "0-1"]
[WhiteElo "1576"]
[BlackElo "1985"]
[PlyCount "54"]
[EventDate "2019.09.07"]
[EventType "team-swiss"]
[EventRounds "9"]
[EventCountry "POL"]
[SourceTitle "EXT 2020"]
[Source "ChessBase"]
[SourceDate "2019.10.17"]
[SourceVersion "1"]
[SourceVersionDate "2019.10.17"]
[SourceQuality "1"]
[WhiteTeam "Gliwice Roszada"]
[BlackTeam "Strzelce Opolskie Strzelec"]
[WhiteTeamCountry "POL"]
[BlackTeamCountry "POL"]

1. e4 c5 2. Nc3 Nc6 3. Bc4 e6 4. f4 Nge7 5. d3 g6 6. Nf3 Bg7 7. 0-0 0-0 8. Qe1 d5 9. Bb3 a6 10. a4 Nd4 11. Nxd4 cxd4 12. Ne2 dxe4 13. dxe4 d3 14. Ng3 h5 15. e5 h4 16. Ne4 Nf5 17. Be3 dxc2 18. Bxc2 Bd7 19. Rd1 Qc7 20. Bb3 Bc6 21. Nd6 Nxd6 22. Rxd6 Rfd8 23. Rxd8+ Qxd8 24. Qd2 Qxd2 25. Bxd2 Rd8 26. Rd1 h3 27. g3 Bf3 0-1